Spanish vocab week 14 - Statistics

General Stats
  • This quiz has been taken 12 times
  • The average score is 14 of 70
Answer Stats
Hint Answer % Correct
fame la fama
75%
fan el aficionado
50%
success el éxito
50%
phenomenon el fenómeno
50%
pride el orgullo
50%
follower el seguidor
50%
to win ganar
50%
career la carrera
50%
influence la influencia
50%
freedom la libertad
50%
lyrics/words las letras
50%
dark-haired moreno
50%
to lose/miss perder
50%
to sell vender
50%
loving amoroso
25%
unsportsmanlike antideportivo
25%
controversial controvertido
25%
dedicated dedicado
25%
advert el anuncio
25%
singer el cantante
25%
behaviour el comportamiento
25%
doping el dopaje
25%
winner el ganador
25%
genius el genio
25%
hero el héroe
25%
role model el modelo a imitar/seguir
25%
bite el mordisco
25%
swimmer el nadador
25%
to train entrenarse
25%
successful exitoso
25%
to found fundar
25%
humble humilde
25%
to influence influir
25%
ticket la entrada
25%
heroine la heroína
25%
passion la pasión
25%
superstar la superestrella
25%
reality TV la telerrealidad
25%
to improve mejorar
25%
powerful poderoso
25%
to forbid prohibir
25%
to complain quejarse
25%
to beat batir
0%
to be composed of componerse de
0%
to raise the profile of dar visibilidad a
0%
season ticket el abono
0%
pitch el campo
0%
forward/striker el delantero
0%
minority sport el deporte minoritario
0%
sportsman el deportista
0%
ambassador el embajador
0%
fan el hincha
0%
medal haul el medallero
0%
game el partido match
0%
solo singer el solista
0%
to disrespect faltar al respeto
0%
to sign for fichar por
0%
to cheat hacer trampa
0%
relentless implacable
0%
hip la cadera
0%
lower tier (of stadium) la grada baja
0%
long hair/mane la melena
0%
charitable organisation la organización benéfica
0%
paradox la paradoja
0%
to peak/reach the top llegar a la cima
0%
to moralise/preach moralizar
0%
to come from originarse
0%
full of protest reivindicativo
0%
to stir up revolucionar
0%
to sigh suspirar
0%
No matching quizzes found
Score Distribution
Percent of People with Each Score
Percentile by Number Answered
Your Score History
You have not taken this quiz